Numbers 1 to 20 - Statistics

General Stats
  • This quiz has been taken 285 times
  • The average score is 15 of 20
Answer Stats
Answer % Correct
1
100%
2
97%
3
91%
4
91%
5
86%
6
86%
7
86%
8
86%
9
83%
12
81%
10
79%
11
76%
13
74%
14
71%
15
64%
16
60%
17
59%
18
55%
20
52%
19
50%
No matching quizzes found
Score Distribution
Percent of People with Each Score
Percentile by Number Answered
Your Score History
You have not taken this quiz